000 00628nam a2200253Ia 4500
008 160321s9999||||xx |||||||||||||| ||und||
040 _cEnglish
082 _aXI.A/Niyogi
082 _bBORI-16916
100 _aR. C. Majumdar
245 4 _aThe Gahadavala Dynasty
300 _aXvi+283
300 _cB
300 _eHardbound
530 _u00017180.pdf
563 _aStudy
600 _aR. C. Majumdar
630 _aThe Gahadavala Dynasty
650 _a"Politics,History and Historiography"
650 _aGeneral Indology
700 _aR. C. Majumdar
730 _aThe Gahadavala Dynasty
942 _cBOOK
999 _c1358079
_d1358076